| 000 | 00786cam a2200265 4500 | ||
|---|---|---|---|
| 999 |
_c18488 _d18488 |
||
| 001 | 2767729 | ||
| 003 | BDDh-ASL | ||
| 005 | 20231015025717.0 | ||
| 008 | 700205s1969 enk 001 0 eng | ||
| 010 | _a 79439127 | ||
| 015 | _aB69-24350 | ||
| 020 | _a0333083520 | ||
| 040 |
_aDLC _cDLC _dBDDh-ASL |
||
| 050 | 0 | 0 | _aLAW |
| 082 | 0 | 0 |
_a923.254 _bWAT |
| 100 | 1 |
_aWatson, Francis, _d1907- |
|
| 245 | 1 | 4 |
_aThe trial of Mr. Gandhi / _cwith a foreword by Earl Mountbatten of Burma. |
| 260 |
_aLondon: _bMacmillan, _c1969. |
||
| 300 |
_a288 p. : _c23 cm. |
||
| 350 | _a63/- | ||
| 504 | _aIncludes bibliographical references and index. | ||
| 600 | 1 | 0 |
_aGandhi, _cMahatma, _d1869-1948 _xTrials, litigation, etc. |
| 906 |
_a7 _bcbc _corignew _du _encip _f19 _gy-gencatlg |
||
| 942 |
_2ddc _cBK |
||